| 000 | 01665nam a2200121Ia 4500 | ||
|---|---|---|---|
| 008 | 220615s9999||||xx |||||||||||||| ||und|| | ||
| 245 | 0 | _aIndoor Air Quality | |
| 546 | _aEnglish[eng] | ||
| 650 | _aperceived indoor air quality||building research||indoor air questionnaires||psychosocial work environment||categorisation||ventilation||mould||moisture||man-made mineral fibres||IAQ||enhanced living environments||IEQ||IoT||smart cities||LEC||passive space design||tubular space||physical building environment||fieldwork test||subway station building complex||thermal comfort||arousal level||physiological indices||electroencephalography||electrocardiography||airborne microorganisms||bacteria||fungi||gyms||indoor air quality||libraries||offices||contactless measurements||skin sensitivity index||subtleness magnification||deep learning||piecewise stationary time series||PM2.5||sensor||correction||pan frying||secondhand smoke||urban traffic||allergens||endotoxin||biological agents||laboratory animal allergy||environmental monitoring||occupational exposure||perceived comfort||sick building syndrome||health effects||internet of things||e-nose||smart home||ESP32||teenagers||children||bedroom||CO2||particulate matter||perception||response behavior||psychological attribute||indoor environment quality||PPD||TVOC||BREEAM assessment||occupant satisfaction||children’s house||industrial city||window opening||cooking||STAMP||STPA||physical process||indoor environment safety||smart home systems||IAQ improvement||photo-paint||NO||Toluene degradation ||n/a | ||
| 700 | _aSaraga, Dikaia E. | ||
| 856 | _uhttps://mdpi.com/books/pdfview/book/3182 | ||
| 942 | _cEB | ||
| 999 |
_c15247 _d15247 |
||